[Event "US Open-113"]
[Site "Vancouver"]
[Date "2012.08.09"]
[Round "5"]
[White "Hiatt, Arlene"]
[Black "Mellott, Michael"]
[Result "0-1"]
[WhiteElo "530"]
[BlackElo "1178"]
[PlyCount "38"]
[EventDate "2012.08.04"]
[EventType "swiss"]
[EventRounds "9"]
[EventCountry "USA"]
[SourceTitle "CBM 149 Extra"]
[Source "ChessBase"]
[SourceDate "2012.08.24"]
[SourceVersion "1"]
[SourceVersionDate "2012.08.24"]
[SourceQuality "1"]

1. d4 Nf6 2. Bg5 e6 3. Nf3 d5 4. e3 Nbd7 5. Bb5 c6 6. Ba4 b5 7. Bb3 Qc7 8. c3 Bd6 9. h3 0-0 10. 0-0 a5 11. Bc2 Ba6 12. Re1 Rae8 13. e4 Nxe4 14. Bxe4 dxe4 15. Rxe4 f5 16. Rh4 b4 17. Qd2 f4 18. g4 fxg3 19. fxg3 Rxf3 0-1